| 000 | 00468nam a2200181Ia 4500 | ||
|---|---|---|---|
| 001 | 20439 | ||
| 005 | 20260306172806.0 | ||
| 008 | 260306t2007||||xx |||||||||||||| ||spa|| | ||
| 041 | _aESP | ||
| 082 |
_a343.21 _bC34 |
||
| 100 |
_aCastillo Córdova, Luis _eAUT |
||
| 245 | 0 |
_aLos derechos constitucionales: _belementos para una teoría general |
|
| 260 | _c2007 | ||
| 300 |
_a476 páginas : _c24 cm. |
||
| 650 | _aGEN | ||
| 654 | _aCDE | ||
| 942 |
_cLIB _dJUS _fJUS _2ddc _n |
||
| 999 |
_c20439 _d20439 |
||